Follow That Line: Harry Potter - Prisoner of Azkaban Quiz Stats

 Plays Quiz Updated Feb 22, 2017

Support Sporcle.
Go Orange.
Score 0/24 Timer 08:00
13 Plays Today
% Correct
They're your mother Lily's.
91.3%
Are proud to present the Marauder's Map.
91%
I'd already done it.
91%
If one only remembers to turn on the light.
90%
'Cause it migh' be the las' thing yeh do.
89.5%
Yes, but I don't want the Boggart to turn into her either.
88.8%
It's a first-rate institution for hopeless cases.
87.2%
I don't care, anywhere's better than here.
86.6%
It is not in the nature of a Dementor to be forgiving.
86.3%
He's an Animagus...
86.3%
Only one will die tonight.
86.2%
He destroyed him.
86.2%
% Correct
More than one innocent life could be spared.
86.2%
And when meddled with, dangerous.
85.6%
Looks more like a pig with hair if you ask me.
84.9%
Someone who, until quite recently, I believed to be dead.
84.3%
Did what?
83.6%
He was a great friend James.
81.6%
What was that-- that thing?
81.4%
So... he's going to suffer but be very happy about it.
81%
And he's a raving, murderous lunatic.
79.2%
You must not be seen.
78.6%
Well, come on then. Let's not wait for the grass to grow.
77.7%
But I'll do my best.
63.2%

You're not logged in!

Compare scores with friends on all Sporcle quizzes.
OR
Log In
Forgot?

From the Vault

Star Wars Smugglers' Exam

by bhenderson79

See if you have the talent to complete this quiz in less than 12 parsecs!
Remove Ads.
Support Sporcle.
Get the best of Sporcle when you Go Orange. This ad-free experience offers more features, more stats, and more fun while also helping to support Sporcle. Thank you for becoming a member.

Show Comments

Extras

Top Quizzes Today


Score Distribution

Your Account Isn't Verified!

In order to create a playlist on Sporcle, you need to verify the email address you used during registration. Go to your Sporcle Settings to finish the process.

Report this User

Report this user for behavior that violates our Community Guidelines.

Details: